Quiz Cultura Generale - Quiz n°84 - Statistics

Statistiche generali
  • Questo quiz è stato fatto 160 volte
  • Il punteggio medio è 34 su 45
Statistiche sulle risposte
Domanda Casella Select % Corretto
Seleziona gli animali che vivono in Africa Leone
99%
Seleziona gli animali che vivono in Africa Giraffa
97%
Seleziona gli animali che vivono in Africa Zebra
97%
Seleziona gli animali che vivono in Africa Elefante
96%
Seleziona gli stati che confinano con la Francia Polonia No
96%
Seleziona gli stati che confinano con la Francia Italia
94%
Seleziona le squadre in cui ha giocato Zlatan Ibrahimović Roma No
94%
Seleziona gli stati che confinano con la Francia Spagna
94%
Seleziona gli animali che vivono in Africa Koala No
93%
Seleziona le squadre in cui ha giocato Zlatan Ibrahimović Milan
89%
Seleziona gli animali che vivono in Africa Rinoceronte
89%
Seleziona gli stati che confinano con la Francia Austria No
85%
Seleziona le squadre in cui ha giocato Zlatan Ibrahimović Chelsea No
85%
Seleziona gli stati che confinano con la Francia Belgio
84%
Seleziona gli stati che confinano con la Francia Germania
84%
Seleziona i film diretti da Leonardo Pieraccioni Il mostro No
83%
Seleziona i film diretti da Leonardo Pieraccioni La vita è bella No
83%
Seleziona gli stati che confinano con la Francia Liechtenstein No
83%
Seleziona le squadre in cui ha giocato Zlatan Ibrahimović Inter
81%
Seleziona gli stati che confinano con la Francia Paesi Bassi No
80%
Seleziona i film diretti da Leonardo Pieraccioni Natale a Miami No
79%
Seleziona gli animali che vivono in Africa Puma No
79%
Seleziona le squadre in cui ha giocato Zlatan Ibrahimović Real Madrid No
79%
Seleziona i film diretti da Leonardo Pieraccioni Tifosi No
79%
Seleziona le squadre in cui ha giocato Zlatan Ibrahimović Bayern Monaco No
78%
Seleziona i film diretti da Leonardo Pieraccioni Il ciclone
78%
Seleziona le autostrade che attraversano la Lombardia A1
77%
Seleziona le autostrade che attraversano la Lombardia A10 No
73%
Seleziona le autostrade che attraversano la Lombardia A16 No
73%
Seleziona le squadre in cui ha giocato Zlatan Ibrahimović Manchester United
69%
Seleziona gli stati che confinano con la Francia Lussemburgo
68%
Seleziona i film diretti da Leonardo Pieraccioni Ti amo in tutte le lingue del mondo
68%
Seleziona le autostrade che attraversano la Lombardia A3 No
66%
Seleziona le squadre in cui ha giocato Zlatan Ibrahimović Ajax
66%
Seleziona le squadre in cui ha giocato Zlatan Ibrahimović Malmö FF
66%
Seleziona le autostrade che attraversano la Lombardia A2 No
64%
Seleziona le autostrade che attraversano la Lombardia A4
64%
Seleziona gli animali che vivono in Africa Gnu
63%
Seleziona le autostrade che attraversano la Lombardia A14 No
61%
Seleziona i film diretti da Leonardo Pieraccioni Il paradiso all'improvviso
61%
Seleziona i film diretti da Leonardo Pieraccioni Una moglie bellissima
61%
Seleziona gli animali che vivono in Africa Tigre No
59%
Seleziona i film diretti da Leonardo Pieraccioni Scusa ma ti chiamo amore No
55%
Seleziona le autostrade che attraversano la Lombardia A7
37%
Seleziona le autostrade che attraversano la Lombardia A22
33%
Nessun quiz corrispondente trovato
Distribuzione punteggi
Percentuale di utenti per punteggio
Percentile per numero di risposta
I tuoi punteggi nel tempo
Non hai fatto questo quiz